Logo CIB grande

THE BIOLOGY AND CULTURE OF PEARL OYSTERS (BIVALVIA: PTERIIDAE) (Registro nro. 234187)

Detalles MARC
000 -LEADER
campo de control de longitud fija 00521nam a2200217Ia 4500
005 - FECHA Y HORA DE LA ÚLTIMA TRANSACCIÓN
campo de control 20250425162658.0
008 - DATOS DE LONGITUD FIJA--INFORMACIÓN GENERAL
campo de control de longitud fija 250425s9999 xx 000 0 und d
020 ## - NÚMERO INTERNACIONAL ESTÁNDAR DEL LIBRO
Número Internacional Estándar del Libro 9718709274
041 ## - CÓDIGO DE IDIOMA
Código de lengua del texto/banda sonora o título independiente eng
043 ## - CÓDIGO DE ÁREA GEOGRÁFICA
Código de área geográfica ph
082 ## - NÚMERO DE LA CLASIFICACIÓN DECIMAL DEWEY
Número de clasificación 594.11
010 ## - NÚMERO DE CONTROL DE LA BIBLIOTECA DEL CONGRESO
Número de control de LC 96190
100 ## - ENTRADA PRINCIPAL--NOMBRE DE PERSONA
Nombre de persona GERVIS, M H
245 #0 - MENCIÓN DEL TÍTULO
Título THE BIOLOGY AND CULTURE OF PEARL OYSTERS (BIVALVIA: PTERIIDAE)
250 ## - MENCION DE EDICION
Mención de edición S.E
260 ## - PUBLICACIÓN, DISTRIBUCIÓN, ETC.
Lugar de publicación, distribución, etc. Filipinas
Nombre del editor, distribuidor, etc. ICLARM
Fecha de publicación, distribución, etc. 1992
300 ## - DESCRIPCIÓN FÍSICA
Extensión 49
650 ## - PUNTO DE ACCESO ADICIONAL DE MATERIA--TÉRMINO DE MATERIA
Término de materia o nombre geográfico como elemento de entrada MOLUSCOS BIVALVE
650 ## - PUNTO DE ACCESO ADICIONAL DE MATERIA--TÉRMINO DE MATERIA
Término de materia o nombre geográfico como elemento de entrada MOLUSCOS-CULTIVO
942 ## - ELEMENTOS DE ENTRADA SECUNDARIOS (KOHA)
Tipo de ítem Koha Libros
Existencias
Estatus retirado Estado de pérdida Estado de daño No para préstamo Biblioteca de origen Biblioteca actual Fecha de adquisición Coste, precio normal de compra Total de préstamos Código de barras Copia número
        CENTRO NACIONAL DE INVESTIGACIONES MARINAS CENTRO NACIONAL DE INVESTIGACIONES MARINAS 30/11/2015 10.00   D-81386 1

Copyright 2025 ESPOL. Todos los derechos reservados.